| 000 | 00430nam a2200157Ia 4500 | ||
|---|---|---|---|
| 008 | 160316s2002 xxu||||| |||| 00| 0 eng d | ||
| 082 |
_a346.044000 _bPYA |
||
| 100 | _aPyari S Radha | ||
| 245 | _aThe karnataka land revenue act, 1964 and rules, 1966 | ||
| 250 | _a | ||
| 260 |
_aBangalore _bSun Publishing House _c2002 |
||
| 300 |
_a432p _b _cxx |
||
| 365 | _bRs.225 | ||
| 650 | _a1. Karnataka Land Revenue - 1964 | ||
| 700 |
_a _a |
||
| 999 |
_c22184 _d22184 |
||